Logo BPK

Biblioteka

Politechniki Koszalińskiej

Ucywilizujmy kapitalizm : (Rekord nr 53688)

Szczegóły MARC
000 -ETYKIETA REKORDU
podpole kontrolne o stałej długości 01066nam a2200301 i 4500
001 - NUMER KONTROLNY REKORDU
pole kontrolne bg
020 ## - MIĘDZYNARODOWY ZNORMALIZOWANY NUMER KSIĄŻKI - ISBN
ISBN 8311091374
040 ## - ŹRÓDŁO KATALOGOWANIA
Instytucja, która utworzyła rekord BPK
041 1# - KOD JĘZYKA
Kod języka tekstu pol
Kod języka oryginału ger
080 ## - UNIWERSALNA KLASYFIKACJA DZIESIĘTNA - UKD
UKD 321:338.22](430)"19":172
920 ## - Międzynarodowy znormalizowany numer książki – ISBN
ISBN 83-1109137-4
008 - POLE O STAŁEJ DŁUGOŚCI - DANE KONTROLNE
podpole kontrolne o stałej długości s pl f |000 0 pol
100 1# - NAZWA OSOBOWA
Nazwa osobowa Dönhoff, Marion
Daty związane z nazwą (1909-2002).
245 10 - TYTUŁ/ODPOWIEDZIALNOŚĆ
Tytuł Ucywilizujmy kapitalizm :
Ciąg dalszy tytułu granice wolności /
Pozostałe elementy strefy tytułu i oznaczenia odpowiedzialności Marion Gräfin Dönhoff ; przeł. Stefa i Andrzej Boguccy ; Polskie Towarzystwo Ekonomiczne.
246 ## - WARIANT TYTUŁU
Treść wyrażenia wprowadzającego Tyt. oryg.:
Tytuł Zivilisiert den Kapitalismus : Grenzen der Freiheit
260 ## - STREFA ADRESU WYDAWNICZEGO
Miejsce wydania Warszawa :
Nazwa wydawcy/dystrybutora Dom Wydawniczy "Bellona",
Data publikacji, dystrybucji/powstania dokumentu 2000.
300 ## - STREFA OPISU FIZYCZNEGO
Objętość 126, [1] s. ;
Rozmiary 24 cm.
490 1# - STREFA SERII I DOKUMENTU WIELOCZĘŚCIOWEGO - FORMA NIE DO WYSZUKIWANIA
Tytuł i oznaczenie odpowiedzialności serii Ekonomia i Świat Współczesny
500 ## - UWAGI OGÓLNE
Tekst uwagi Tyt. oryg.: "Zivilisiert den Kapitalismus : Grenzen der Freiheit".
650 #9 - HASŁO PRZEDMIOTOWE W FORMIE NAZWY OGÓLNEJ LUB JEDNOSTKOWEJ
Nazwa ogólna lub geograficzna Etyka społeczna
651 #9 - HASŁO PRZEDMIOTOWE W FORMIE NAZWY GEOGRAFICZNEJ
Nazwa geograficzna Niemcy
Określnik ogólny gospodarka
Określnik chronologiczny 20 w.
651 #9 - HASŁO PRZEDMIOTOWE W FORMIE NAZWY GEOGRAFICZNEJ
Nazwa geograficzna Niemcy
Określnik ogólny ustrój
655 ## - TERMIN INDEKSOWY - OKREŚLENIE RODZAJU/FORMY DOKUMENTU
Określenie rodzaju/formy dokumentu Szkice literackie
700 1# - HASŁO DODATKOWE - NAZWA OSOBOWA
Nazwa osobowa BOGUCKA, Stefa.
Określenie związku między hasłem a opisywanym materiałem Tł.
700 1# - HASŁO DODATKOWE - NAZWA OSOBOWA
Nazwa osobowa BOGUCKI, Andrzej.
Określenie związku między hasłem a opisywanym materiałem Tł.
830 ## - HASŁO DODATKOWE SERII LUB DOKUMENTU WIELOCZĘŚCIOWEGO - TYTUŁ UJEDNOLICONY
Tytuł ujednolicony Ekonomia i Świat Współczesny
856 ## - LOKALIZACJA I DOSTĘP DO ELEKTRONICZNYCH DOKUMENTÓW ZDALNYCH
Link (URL) http://koha.tu.koszalin.pl/cgi-bin/koha/opac-detail.pl?biblionumber=53688
Tekst linku Katalog online BPK
942 ## - DODATKOWE ELEMENTY (KOHA)
Typ dokumentu Książka
Egzemplarze
Wycofany Status egzemplarza Uszkodzony Dostępność Lokalizacja stała Lokalizacja bieżąca Miejsce przechowywania Sygnatura Kod kreskowy Dział Typ dokumentu
      Tylko na miejscu Biblioteka Politechniki Koszalińskiej Biblioteka Politechniki Koszalińskiej Czytelnia Wydziałowa ul. Kwiatkowskiego 6e 84474 02374543 32 Nauki polityczne. Polityka Książka
© 2023 Biblioteka Politechniki Koszalińskiej :: KOHA